Online
Catalog

Enciclopedia de la enfermería / (Record no. 26668)

MARC details
000 -CABECERA
campo de control de longitud fija 00495nam a2200133 a 4500
001 - NÚMERO DE CONTROL
campo de control 000027176
005 - FECHA Y HORA DE LA ÚLTIMA TRANSACCIÓN
campo de control 20200930030642.0
008 - DATOS DE LONGITUD FIJA--INFORMACIÓN GENERAL
campo de control de longitud fija 110330s1997 sp acd 000 0 spa d
040 ## - FUENTE DE LA CATALOGACIÓN
Centro catalogador/agencia de origen DO-SdBNP
Lengua de catalogación spa
Centro/agencia transcriptor BNPHU
245 00 - MENCIÓN DE TÍTULO
Título Enciclopedia de la enfermería /
Mención de responsabilidad, etc. Dirección Joaquín Navarro.
260 ## - PUBLICACIÓN, DISTRIBUCIÓN, ETC.
Lugar de publicación, distribución, etc. Barcelona :
Nombre del editor, distribuidor, etc. Grupo Editorial Oceano,
Fecha de publicación, distribución, etc. 1997.
300 ## - DESCRIPCIÓN FÍSICA
Extensión v. :
Otras características físicas il., gráf., retrs. ;
Dimensiones 25 cm.
505 0# - NOTA DE CONTENIDO CON FORMATO
Nota de contenido con formato v. 1
Título Fundamentos-ténicas --
Información miscelánea v. 2
Título Medicoquirúrgica -1 --
Información miscelánea v. 3
Título Medicoquirúrgica -2 --
Holdings
Estado de retiro Estado de pérdida Restricciones de uso No para préstamo Código de colección Localización permanente Ubicación/localización actual Ubicación en estantería Fecha de adquisición Número de inventario Total de préstamos Signatura topográfica completa Código de barras Fecha visto por última vez Número de copia Precio válido a partir de Tipo de ítem Koha
      Excluido de préstamo Monografías: Libros y Folletos General General En catalogación 30.03.2011 LF1   27176-10 25.06.2020 e. 2 25.06.2020 No se presta
      Excluido de préstamo Monografías: Libros y Folletos General General En catalogación 01.04.2011 LF1   27176-20 25.06.2020 e. 3 25.06.2020 No se presta
        Monografías: Libros y Folletos General General En catalogación 01.04.2011 LF1   27176-30 25.06.2020   25.06.2020 Préstamo en sala

Powered by Koha